Juristas de la Independencia

Salvato in:
Dettagli Bibliografici
Autori principali: Pérez Collados, José María (Autore), Rodrigues Barbosa, Samuel (Autore)
Natura: Libro
Lingua:spagnolo
Pubblicazione: Madrid Marcial Pons 2012
Serie:Cátedra de Cultura Jurídica
Soggetti:
Tags: Aggiungi Tag
Nessun Tag, puoi essere il primo ad aggiungerne!!

MARC

LEADER 00000cam a2200000 a 4500
001 UCF9282
003 CL-VaPUC
008 131111e20120000sp |||||||||||||||||spa|d
020 |a 9788497681889 
082 0 4 |a 340.9  |b PER  |2 21 
100 0 |a Pérez Collados, José María  |e author  |9 571566 
700 0 |a Rodrigues Barbosa, Samuel  |e author  |9 571567 
245 1 0 |a Juristas de la Independencia 
300 |a 735 p 
942 |c BK 
945 |d 20131111 15:03:00  |a dcastane 
260 |a Madrid  |b Marcial Pons  |c 2012 
650 0 |a Historia del derecho  |9 255109 
650 0 |a Juristas  |9 255986 
583 |a last modification  |c 20131111 15:03:00  |k Rodrigo Vera 
490 0 |a Cátedra de Cultura Jurídica 
999 |c 353755  |d 353753 
952 |0 0  |1 0  |3 erd  |4 0  |6 340_900000000000000_PER_2012  |7 0  |8 DER_HDC  |9 459134  |a BIBDER  |b BIBDER  |d 2019-11-23  |i 5025788  |o 340.9 PER 2012  |p 5025788  |r 2023-01-25  |w 2019-11-23  |x Ubicación 4to Piso  |y BK  |z Estos recursos deben solicitarse con anticipación  |k DER